000 00593nam a22001817a 4500
999 _c12649
_d12649
008 190131b ||||| |||| 00| 0 eng d
020 _a971-542-291-8
082 _22001
_aDFil 899.211
_bP53
245 _aThe legend of ito and carpa(Bicol)/
_cDamiana Eugenio [Compiler and Editor]
260 _aQuezon City:
_bUP Press;
_c©2001
300 _aPage 353-354;
_c22.5 cm.
500 _aPhilippine folk literature: The myths
650 _aMythology
_935807
650 _aLegends
_935808
650 _aPhilippine folk literature (English)
_935809
650 _aFolklore
_935810
942 _2ddc
_cDFIL